00609nam a2200133 a 450000100100000000500170001000800410002704000250006808200150009311000700010824502150017826000620039330000200045500003056620200930062401.0110524s1933 dr 000 | spa d aDO-SdBNPbspacBNPHU axxxbR426m1 aRepública Dominicana.bPresidente (1930-1938 : Trujillo Molina)10aMensaje presentado a la Asamblea Nacional por el Honorable Presidente de la República Gral. Rafael L. Trujillo Molina, el 27 de febrero de 1933, en que da cuenta de su gestión oficial durante el año 1932. aSanto Domingo :bImprenta de J. R. Viuda García,c1933. a40 p. ;c23 cm.